| 000 | 01515nam a2200349 c 4500 | ||
|---|---|---|---|
| 999 |
_c170880 _d170880 |
||
| 003 | BLK | ||
| 005 | 20220615143436.0 | ||
| 008 | 180411b bul|||||r ||||||| ||bul|| | ||
| 010 | _aKNG00179104000 | ||
| 040 | _aBLK | ||
| 041 |
_aBUL _cBUL |
||
| 080 |
_aГеография в основното училище. Методика на обучението по география _b373.3.016:91 _z373.3.016:91 |
||
| 080 |
_aГеография на България _b913(497.2) _z913(497.2) |
||
| 139 |
_aНашата земя хубава _bН 37 |
||
| 245 | 1 | 0 |
_aНашата земя хубава _bЧетива по география за нач. уч-ще _cсъстав. Борис Балевски, Любен Константинов Мелнишки. |
| 250 | _a2. доп. изд. | ||
| 257 | _aBGR | ||
| 260 |
_bНар. просв. _c1969 _aСофия |
||
| 300 |
_a240 с. _c22 см |
||
| 380 | _a3 | ||
| 500 | _a1. изд. 1963 под загл. България - нашата социалистическа Родина. - 20 077 тир. | ||
| 650 | 4 |
_aБългария _9241624 |
|
| 651 | 4 |
_aБългария _9241624 |
|
| 653 | _aБългария | ||
| 700 | 1 |
_aБалевски, Борис _eсъстав. _9382731 |
|
| 700 | 1 |
_aМелнишки, Любен Константинов _eсъстав. _9377731 |
|
| 852 |
_aЦб 46904 _bЦб |
||
| 856 | 4 | _qpdf | |
| 856 | 4 | _qpdf | |
| 942 |
_cKNG _n0 _s1 |
||
| 944 |
_aCR _c05.08.2015 _lф / _kЛюдмила_Стоянова |
||
| 944 |
_aED _c05.08.2015 _lф / _kЛюдмила_Стоянова |
||
| 944 |
_aED _c2022-06-15 _kВП |
||
| 999 | _d170880 | ||